000 00697nam a2200181Ia 4500
008 100920s9999 xx 000 0 und d
082 _b105828
_a891.43 न 09
100 _aमित्तल महेंद्र.
245 _aकालपुरुष सहास्त्रार्जुन.
260 _bकैटरपिलर पब्लीशर्स दिल्ली.
_c2009
300 _a200
_bसाधी
365 _b250
520 _aहिंदी.
630 _aकालपुरुष सहास्त्रार्जुन.
650 _aहिंदी.
730 _aकालपुरुष सहास्त्रार्जुन.
942 _cBOOK
999 _c746259
_d746256